Novelas ejemplares

Guardat en:
Dades bibliogràfiques
Autor principal: Cervantes y Saavedra, Miguel de (Autor)
Format: Llibre
Idioma:espanyol
Publicat: Buenos Aires Losada 1942
Edició:2a. ed
Col·lecció:Las Cien Obras Maestras de la Literatura y del Pensamiento Universal, 7, 8
Matèries:
Etiquetes: Afegir etiqueta
Sense etiquetes, Sigues el primer a etiquetar aquest registre!

MARC

LEADER 00000nam a2200000 a 4500
001 UCY2385
003 CL-VaPUC
008 941024e19420000AG |||||||||||||||||spa|d
082 0 4 |a 863  |b CER  |2 21 
100 |a Cervantes y Saavedra, Miguel de  |e author  |9 267947 
245 1 0 |a Novelas ejemplares 
250 |a 2a. ed 
300 |a v 
942 |c BK 
945 |d 19941024 00:00:00  |a oaravena 
260 |a Buenos Aires  |b Losada  |c 1942 
650 0 |a Novelas españolas  |9 265052 
583 |a last modification  |c 19941024 00:00:00  |k Rodrigo Vera 
490 0 |a Las Cien Obras Maestras de la Literatura y del Pensamiento Universal, 7, 8 
999 |c 230805  |d 230803 
952 |0 0  |1 0  |4 0  |6 863_000000000000000_CER_1942  |7 0  |8 A  |9 233338  |a BIBEDU  |b BIBEDU  |d 2019-11-15  |h v.1  |i 3023567  |l 2  |m 1  |o 863 CER 1942  |p 3023567  |r 2023-11-22  |s 2023-11-20  |w 2019-11-15  |y BK  |k LIT 
952 |0 0  |1 0  |4 0  |6 863_000000000000000_CER_1942  |7 0  |8 A  |9 233339  |a BIBEDU  |b BIBEDU  |d 2019-11-15  |h v.2  |i 3023435  |o 863 CER 1942  |p 3023435  |r 2019-11-15  |w 2019-11-15  |y BK  |k LIT